000 00508nam a22001817a 4500
003 NUST - PNEC
005 20170116181039.0
008 150921b xxu||||| |||| 00| 0 eng d
020 _a0901281158
040 _cLIBRARY
082 _a623.87 EMB
100 _94052
_aEmbleton, William;
245 _aReed's engineering knowledge : instruments & control systems for deck officers
_cWilliam Embleton
250 _a5th ed.
260 _c1995
650 _911532
_aNautical instruments
_xME
942 _2ddc
_cBK
999 _c68032
_d68032